5HLuxD.jpg

KING HENRY VIII SENIOR AND PRIMARY SCHOOL LIBRARY OPAC

A giant slice of Horrid Henry (Record no. 2255)

000 -LEADER
fixed length control field 00777nam a22002177a 4500
005 - DATE AND TIME OF LATEST TRANSACTION
control field 20230405135927.0
008 - FIXED-LENGTH DATA ELEMENTS--GENERAL INFORMATION
fixed length control field 230405b ||||| |||| 00| 0 eng d
020 ## - INTERNATIONAL STANDARD BOOK NUMBER
International Standard Book Number 9781407219769
040 ## - CATALOGING SOURCE
Transcribing agency KH8
082 ## - DEWEY DECIMAL CLASSIFICATION NUMBER
Classification number 823.914 ROS
100 ## - MAIN ENTRY--PERSONAL NAME
Personal name Simon, Francesca
Relator term author
245 ## - TITLE STATEMENT
Title A giant slice of Horrid Henry
Statement of responsibility, etc. Francesca Simon
260 ## - PUBLICATION, DISTRIBUTION, ETC.
Place of publication, distribution, etc. London
Name of publisher, distributor, etc. Orion Children's
Date of publication, distribution, etc. 2006
300 ## - PHYSICAL DESCRIPTION
Extent 243 pages :
Other physical details illustrations ;
Dimensions 20 cm
440 ## - SERIES STATEMENT/ADDED ENTRY--TITLE
Title Horrid Henry's
520 ## - SUMMARY, ETC.
Summary, etc. Bumper collection of three books in a top-selling series about an awesomely naughty child, containing 'Horrid Henry's Stinkbomb', 'Underpants' and 'Meets the Queen'.
650 ## - SUBJECT ADDED ENTRY--TOPICAL TERM
Topical term or geographic name entry element Children's stories
Form subdivision English
650 ## - SUBJECT ADDED ENTRY--TOPICAL TERM
Topical term or geographic name entry element Fiction
650 ## - SUBJECT ADDED ENTRY--TOPICAL TERM
Topical term or geographic name entry element Histoires pour enfants anglaises
942 ## - ADDED ENTRY ELEMENTS (KOHA)
Source of classification or shelving scheme
Koha item type Books - Non Ficton
Holdings
Withdrawn status Lost status Source of classification or shelving scheme Damaged status Not for loan Collection code Permanent Location Current Location Shelving location Date acquired Total Checkouts Full call number Barcode Date last seen Date last checked out Price effective from Koha item type
          Non-Fiction KH8 Primary School Library KH8 Primary School Library Non Fiction 2023-04-05 3 823.914 ROS KHPL000004002 2025-12-05 2024-01-11 2023-04-05 Books - Non Ficton

Powered By KH8 IT Dept